000 00787nac a22002411i 4500
003 EG-ScBUE
005 20240821091754.0
008 240821s1978 ilua f b 001 0 eng d
020 _a0226482324
040 _aEG-ScBUE
_bara
_erda
_cEG-ScBUE
_dEG-ScBUE
082 0 4 _a509.02
_bSCI
_222
245 0 0 _aScience in the middle ages /
_cedited by David C. Lindberg.
264 1 _aChicago :
_bUniversity of Chicago Press,
_c1978.
300 _axv, 549 pages :
_billustrations ;
_c24 cm
336 _2rdacontent
_atext
_btxt
337 _aunmediated
_2rdamedia
_bn
338 _avolume
_bnc
_2rdacarrier
504 _aIncludes bibliographical references and index.
650 7 _aScience, Medieval.
_2BUEsh
655 _vReading book
700 1 _aLindberg, David C.,
_eeditor.
942 _cBB
_2ddc
999 _c3874
_d3874